[Event "15. Sombor open"]
[Site "Sombor"]
[Date "2023.04.03"]
[Round "8.9"]
[White "Djurosev, Djordje"]
[Black "Popovic, Vojin"]
[Result "1/2-1/2"]
[WhiteElo "1493"]
[BlackElo "1666"]
[PlyCount "43"]
[EventDate "2023.03.17"]

1. e4 d5 2. exd5 Qxd5 3. Nc3 Qd6 4. d4 Nf6 5. Nf3 Bg4 6. Be2 e6 7. Be3 c6 8. h3
Bh5 9. Qd2 Qc7 10. O-O Nbd7 11. Rad1 Nb6 12. Bf4 Bd6 13. Bxd6 Qxd6 14. Rfe1 Rd8
15. Ne5 Bxe2 16. Rxe2 O-O 17. Ne4 Nxe4 18. Rxe4 Qd5 19. Qf4 Qxa2 20. Ng4 Qxb2
21. Qg5 f5 22. Nh6+ 1/2-1/2

[Event "15. Sombor open"]
[Site "Sombor"]
[Date "2023.04.03"]
[Round "8.11"]
[White "Stojanovic, Mihajlo J"]
[Black "Radisic, Andjelija"]
[Result "1-0"]
[WhiteElo "1394"]
[BlackElo "1103"]
[PlyCount "95"]
[EventDate "2023.03.17"]

1. e4 d5 2. exd5 Qxd5 3. d4 Nf6 4. Nc3 Qd6 5. Nf3 Bf5 6. g3 c6 7. Bf4 Qd8 8.
Bg2 e6 9. O-O Bd6 10. Bxd6 Qxd6 11. Qe2 O-O 12. Rad1 h6 13. a3 Nbd7 14. Ne5 Qc7
15. f4 Nb6 16. g4 Bh7 17. Ne4 Nfd7 18. c4 Nxe5 19. dxe5 Rfd8 20. Nd6 Rab8 21.
Rf3 Nc8 22. c5 b6 23. b4 a5 24. Rc3 axb4 25. axb4 bxc5 26. bxc5 Na7 27. Rf1 Nb5
28. Rcc1 Na7 29. g5 hxg5 30. fxg5 Bg6 31. h4 Rf8 32. h5 Bh7 33. Be4 Bxe4 34.
Qxe4 Qe7 35. Qg4 g6 36. Ne4 Kg7 37. hxg6 fxg6 38. Qh4 Rxf1+ 39. Rxf1 Rf8 40.
Qh6+ Kg8 41. Rxf8+ Qxf8 42. Nf6+ Kf7 43. Qh7+ Qg7 44. Qh4 Qf8 45. Ne4 Ke8 46.
Qh7 Nb5 47. Nf6+ Kd8 48. Qd7# 1-0

[Event "15. Sombor open"]
[Site "Sombor"]
[Date "2023.04.03"]
[Round "8.12"]
[White "Stojakovic, Dusan"]
[Black "Kelic, Dusan"]
[Result "1-0"]
[WhiteElo "1557"]
[BlackElo "1532"]
[PlyCount "81"]
[EventDate "2023.03.17"]

1. e4 e5 2. Nf3 Nc6 3. Bc4 Nf6 4. d3 Bc5 5. c3 Na5 6. Bxf7+ Kxf7 7. b4 Bxf2+ 8.
Kxf2 Nc6 9. Rf1 Rf8 10. Kg1 Kg8 11. Qb3+ d5 12. Ba3 b5 13. Nbd2 Be6 14. Ng5 Bf7
15. Qc2 dxe4 16. Ngxe4 Bd5 17. Nxf6+ Rxf6 18. Ne4 Rg6 19. Rf2 Bxe4 20. dxe4 Qg5
21. Raf1 Rf6 22. Bc1 Qh4 23. g3 Rxf2 24. Qxf2 Qe7 25. Bg5 Qf8 26. Qe2 Qb8 27.
Qd3 Qb6+ 28. Be3 Rd8 29. Qxd8+ Nxd8 30. Bxb6 axb6 31. Rd1 Ne6 32. Kf2 Kf8 33.
Rd5 c5 34. Rxe5 Kf7 35. Ke3 Kf6 36. Rd5 Ke7 37. e5 Nc7 38. Rd6 h6 39. Ke4 cxb4
40. cxb4 Ne8 41. Kf5 1-0

[Event "15. Sombor open"]
[Site "Sombor"]
[Date "2023.04.05"]
[Round "9.1"]
[White "Kurcubic, Drago"]
[Black "Skrobonja, Sinisa"]
[Result "1-0"]
[WhiteElo "2094"]
[BlackElo "1957"]
[PlyCount "125"]
[EventDate "2023.03.17"]

1. e4 g6 2. d4 Bg7 3. Nc3 d6 4. Be2 a6 5. Be3 b5 6. a3 Bb7 7. h4 h5 8. Qd2 Nd7
9. Nh3 Ngf6 10. f3 c5 11. Ng5 Rc8 12. Rd1 O-O 13. O-O Qc7 14. Bd3 Nh7 15. Nd5
Bxd5 16. exd5 cxd4 17. Bf2 Nc5 18. Rfe1 Na4 19. Rb1 Nb6 20. Be4 Nc4 21. Qd1
Nxg5 22. hxg5 d3 23. c3 d2 24. Re2 Rfe8 25. Bd3 Qd7 26. Bxc4 bxc4 27. Qxd2 Qf5
28. Rbe1 Be5 29. Re4 Rc7 30. Bd4 Bxd4+ 31. Rxd4 Rb8 32. Rde4 Rcb7 33. Rxe7 Rxe7
34. Rxe7 Qb1+ 35. Kh2 Qxb2 36. Qf4 Rf8 37. Qxc4 Qxa3 38. Ra7 a5 39. Qc7 a4 40.
Qc6 Qc1 41. Rxa4 Qxg5 42. Qxd6 Rd8 43. Qg3 Qxg3+ 44. Kxg3 Rxd5 45. Kf4 Kg7 46.
Ke3 Kf6 47. c4 Re5+ 48. Kd2 Rc5 49. Kd3 Kf5 50. Kd4 Rc7 51. c5 Rd7+ 52. Kc3 Ke5
53. Re4+ Kd5 54. Rd4+ Kc6 55. Rxd7 Kxd7 56. Kd4 Kc6 57. Ke5 Kxc5 58. Kf6 Kd5
59. Kxf7 g5 60. Kg6 g4 61. Kxh5 gxf3 62. gxf3 Ke5 63. Kg5 1-0

[Event "15. Sombor open"]
[Site "Sombor"]
[Date "2023.04.05"]
[Round "9.2"]
[White "Pavkov, Nebojsa"]
[Black "Pastrovic, Nenad"]
[Result "1-0"]
[WhiteElo "2229"]
[BlackElo "1822"]
[PlyCount "51"]
[EventDate "2023.03.17"]

1. e4 d6 2. d4 Nf6 3. Nc3 Nbd7 4. Nge2 e5 5. g3 Be7 6. Bg2 O-O 7. h3 Re8 8. Be3
c6 9. a4 exd4 10. Qxd4 d5 11. exd5 Bc5 12. Qd2 Bxe3 13. fxe3 cxd5 14. O-O Qb6
15. Nd4 Ne5 16. b3 Qc5 17. Rxf6 gxf6 18. Nxd5 Nd7 19. Rf1 Re5 20. c4 Rb8 21.
Rf4 Nf8 22. Nxf6+ Kg7 23. b4 Qe7 24. Nd5 Qe8 25. Nf3 Re4 26. Qc3+ 1-0

[Event "15. Sombor open"]
[Site "Sombor"]
[Date "2023.04.05"]
[Round "9.3"]
[White "Vlahovic, Ljubo"]
[Black "Gajcin, Sinisa"]
[Result "1-0"]
[WhiteElo "2039"]
[BlackElo "1661"]
[PlyCount "61"]
[EventDate "2023.03.17"]

1. e4 c5 2. Nc3 g6 3. f4 e6 4. d4 cxd4 5. Qxd4 f6 6. Be3 Nc6 7. Qd2 Bb4 8. Bc4
Nge7 9. Nge2 Na5 10. Bd3 Qc7 11. a3 Bxc3 12. Nxc3 a6 13. Na4 Nac6 14. Nb6 Rb8
15. Bc4 d5 16. exd5 exd5 17. Nxd5 Nxd5 18. Bxd5 Bg4 19. O-O Ne7 20. Bb3 Rd8 21.
Qf2 Qc6 22. Rfe1 Rd7 23. Bb6 h5 24. h3 Bf5 25. Rad1 Kf8 26. Rxd7 Qxd7 27. Bc5
Rh7 28. Qe3 Qc7 29. Qc3 Qc6 30. Qc4 b5 31. Qg8# 1-0

[Event "15. Sombor open"]
[Site "Sombor"]
[Date "2023.04.05"]
[Round "9.5"]
[White "Lalic, Miroslav"]
[Black "Dombrovski, Mihajlo"]
[Result "0-1"]
[WhiteElo "1921"]
[BlackElo "1774"]
[PlyCount "64"]
[EventDate "2023.03.17"]

1. e4 d6 2. Bc4 g6 3. Nf3 Bg7 4. d4 Nf6 5. Nc3 O-O 6. O-O Nxe4 7. Nxe4 d5 8.
Bd3 dxe4 9. Bxe4 Nc6 10. c3 e6 11. Bxc6 bxc6 12. b4 Ba6 13. Re1 Qd6 14. a4 Rfd8
15. Ng5 h6 16. Ne4 Qe7 17. Qf3 Bc4 18. Qh3 Rd5 19. a5 Rh5 20. Qg3 e5 21. Nc5
Qd6 22. Be3 exd4 23. cxd4 Qxg3 24. hxg3 Rb8 25. Rab1 Rd5 26. Rbc1 Rxb4 27. Red1
Bb5 28. Nd3 Bxd3 29. Rxd3 Bxd4 30. Rxc6 Rb1+ 31. Rc1 Rxc1+ 32. Bxc1 Bxf2+ 0-1

[Event "15. Sombor open"]
[Site "Sombor"]
[Date "2023.04.05"]
[Round "9.6"]
[White "Matkovic, Simana"]
[Black "Mandaric, Petar"]
[Result "1-0"]
[WhiteElo "1907"]
[BlackElo "1799"]
[PlyCount "67"]
[EventDate "2023.03.17"]

1. d4 e6 2. Nf3 d5 3. Bf4 c5 4. e3 Bd6 5. Bg3 Ne7 6. c3 c4 7. Nbd2 b5 8. Be2
O-O 9. Qc2 Ng6 10. Ne5 Bxe5 11. dxe5 Nc6 12. f4 Qb6 13. Bf2 Rd8 14. O-O Qc7 15.
Nf3 a5 16. a3 Bd7 17. h4 Nf8 18. Nd4 Nxd4 19. exd4 Rdb8 20. Be1 g6 21. h5 Kg7
22. Bd2 Qd8 23. Rf3 b4 24. cxb4 axb4 25. Raf1 Qb6 26. Bxb4 Qxd4+ 27. Kh2 Ba4
28. Qc1 Nd7 29. Bc3 Qb6 30. f5 exf5 31. e6+ d4 32. exd7 dxc3 33. Qxc3+ Qf6 34.
h6+ 1-0

[Event "15. Sombor open"]
[Site "Sombor"]
[Date "2023.04.05"]
[Round "9.7"]
[White "Milin, Milos"]
[Black "Vujnovic, Igor"]
[Result "0-1"]
[WhiteElo "1600"]
[BlackElo "1604"]
[PlyCount "54"]
[EventDate "2023.03.17"]

1. e4 d5 2. exd5 Nf6 3. Bb5+ Nbd7 4. c4 a6 5. Ba4 b5 6. cxb5 Nxd5 7. Qf3 e6 8.
Bb3 N7b6 9. bxa6 Bxa6 10. Bxd5 Nxd5 11. a3 Be7 12. Nc3 O-O 13. Nxd5 exd5 14. d4
Bf6 15. Be3 c5 16. Rd1 Re8 17. dxc5 Bxb2 18. Ne2 Qa5+ 19. Kf1 Rad8 20. Kg1 d4
21. Bg5 Bxe2 22. Qc6 Bxd1 23. h4 Rc8 24. Qd5 Qxc5 25. Qa2 Re1+ 26. Kh2 Rxh1+
27. Kxh1 Bc3 0-1

[Event "15. Sombor open"]
[Site "Sombor"]
[Date "2023.04.05"]
[Round "9.9"]
[White "Popovic, Vojin"]
[Black "Stojakovic, Dusan"]
[Result "1-0"]
[WhiteElo "1666"]
[BlackElo "1557"]
[PlyCount "79"]
[EventDate "2023.03.17"]

1. e4 c5 2. Nf3 Nc6 3. d4 cxd4 4. Nxd4 g6 5. Nc3 Bg7 6. Be3 Nf6 7. Bc4 O-O 8.
Bb3 d6 9. h3 Bd7 10. O-O a5 11. a3 Nxd4 12. Bxd4 Rc8 13. Re1 Bc6 14. Nd5 Bxd5
15. exd5 b5 16. a4 b4 17. Qe2 Re8 18. Bc4 Qc7 19. Bb5 Red8 20. Ba6 Ra8 21. Rac1
Re8 22. Bb5 Rec8 23. Bc6 Rab8 24. Qxe7 Qxe7 25. Rxe7 b3 26. c3 Rd8 27. Ra7 Nh5
28. Bxg7 Kxg7 29. Rxa5 Nf4 30. Kh2 Rb6 31. g3 Nh5 32. Re1 Kf6 33. Ra7 Rf8 34.
Re8 Rxe8 35. Bxe8 Ke5 36. Bxf7 Nf6 37. g4 g5 38. Kg2 h6 39. Kf3 Nxd5 40. Ra5
1-0

[Event "15. Sombor open"]
[Site "Sombor"]
[Date "2023.04.05"]
[Round "9.10"]
[White "Stojanovic, Mihajlo J"]
[Black "Djurosev, Djordje"]
[Result "0-1"]
[WhiteElo "1394"]
[BlackElo "1493"]
[PlyCount "80"]
[EventDate "2023.03.17"]

1. e4 e5 2. Nf3 Nc6 3. Bc4 Bc5 4. Nc3 Nf6 5. d3 h6 6. O-O O-O 7. h3 d6 8. Be3
Bb6 9. Na4 d5 10. Nxb6 axb6 11. exd5 Nxd5 12. Bd2 Be6 13. Re1 Qd6 14. Bb5 f6
15. a3 Qd7 16. d4 exd4 17. Nxd4 Rae8 18. c4 Bxh3 19. gxh3 Rxe1+ 20. Bxe1 Nf4
21. Nxc6 Qxh3 22. Ne7+ Kf7 23. Qd5+ Nxd5 24. Nxd5 c6 25. Bxc6 bxc6 26. Nxb6 Re8
27. a4 Re5 28. Bd2 Re4 29. Ra3 Qg4+ 30. Kh2 h5 31. Rg3 Qe2 32. Be3 g5 33. Kg2
h4 34. Rf3 g4 35. Rf4 Rxe3 36. a5 h3+ 37. Kg1 Rf3 38. Rxg4 Qxf2+ 39. Kh1 Rg3
40. Rxg3 Qxg3 0-1

[Event "15. Sombor open"]
[Site "Sombor"]
[Date "2023.04.05"]
[Round "9.13"]
[White "Radisic, Andjelija"]
[Black "Babac, Zoran"]
[Result "0-1"]
[WhiteElo "1103"]
[BlackElo "1644"]
[PlyCount "72"]
[EventDate "2023.03.17"]

1. d4 d6 2. e4 g6 3. Nf3 Bg7 4. Bf4 Nf6 5. Nc3 O-O 6. Bc4 Nxe4 7. Nxe4 d5 8.
Ned2 dxc4 9. Nxc4 Nd7 10. O-O h6 11. h3 b6 12. Re1 Bb7 13. c3 e6 14. Bh2 Rc8
15. Ne3 Qf6 16. Nc2 Rfd8 17. Qe2 Bxf3 18. Qxf3 Qxf3 19. gxf3 c5 20. dxc5 Nxc5
21. Red1 Nd3 22. Rab1 Be5 23. Bxe5 Nxe5 24. Kg2 Nd3 25. Rd2 Nf4+ 26. Kg3 Rxd2
27. Ne3 Nh5+ 28. Kg2 Rcd8 29. Ng4 Kg7 30. a3 Rd1 31. Rxd1 Rxd1 32. Ne5 Rd2 33.
Nc4 Rc2 34. a4 Nf4+ 35. Kg3 Nd3 36. f4 Nxb2 0-1